Cybersecurity: Attack and Defense Strategies / (Record no. 31999)

000 -LEADER
fixed length control field 00557 a2200205 4500
003 - CONTROL NUMBER IDENTIFIER
control field OSt
005 - DATE AND TIME OF LATEST TRANSACTION
control field 20260312113508.0
008 - FIXED-LENGTH DATA ELEMENTS--GENERAL INFORMATION
fixed length control field 260312b ||||| |||| 00| 0 eng d
020 ## - INTERNATIONAL STANDARD BOOK NUMBER
International Standard Book Number 9781803248776
040 ## - CATALOGING SOURCE
Transcribing agency .
082 ## - DEWEY DECIMAL CLASSIFICATION NUMBER
Classification number 005.8
Item number D591
100 ## - MAIN ENTRY--PERSONAL NAME
9 (RLIN) 6683
Personal name Diogenes, Yuri
245 ## - TITLE STATEMENT
Title Cybersecurity: Attack and Defense Strategies /
Statement of responsibility, etc. Yuri Diogenes and Erdal Ozkaya
250 ## - EDITION STATEMENT
Edition statement 3rd ed.
260 ## - PUBLICATION, DISTRIBUTION, ETC.
Name of publisher, distributor, etc. Packt Publishing,
Place of publication, distribution, etc. Mumbai :
Date of publication, distribution, etc. 2022.
300 ## - PHYSICAL DESCRIPTION
Extent 546 p.
650 #0 - SUBJECT ADDED ENTRY--TOPICAL TERM
9 (RLIN) 6623
Topical term or geographic name entry element Cybersecurity
700 ## - ADDED ENTRY--PERSONAL NAME
9 (RLIN) 6622
Personal name Ozkaya, Erdal
942 ## - ADDED ENTRY ELEMENTS (KOHA)
Source of classification or shelving scheme
Koha item type Books
Holdings
Withdrawn status Lost status Source of classification or shelving scheme Damaged status Not for loan Collection code Permanent Location Current Location Shelving location Date acquired Source of acquisition Cost, normal purchase price Full call number Barcode Date last seen Cost, replacement price Price effective from Koha item type
          Non-fiction IMU Kolkata IMU Kolkata Reference 2026-03-20 28 2405.43 005.8 D591 14936 2026-03-20 3128.00 2026-03-20 Books
          Non-fiction IMU Kolkata IMU Kolkata   2026-03-20 28 2405.43 005.8 D591 14937 2026-03-20 3128.00 2026-03-20 Books
          Non-fiction IMU Kolkata IMU Kolkata   2026-03-20 28 2405.43 005.8 D591 14938 2026-03-20 3128.00 2026-03-20 Books
Designed and Maintained by IMU-KC Library, Kolkata Campus © Copyright All Rights Reserved

webs counters

Powered by Koha